| Tag |
First Indicator |
Second Indicator |
Subfields |
| LEADER |
00000cam a2200000 a 4500 |
| 001 |
in00000085840 |
| 008 |
811005s1982 nyu 000 1 eng |
| 005 |
20260317160520.8 |
| 010 |
|
|
|a 81017596
|
| 019 |
|
|
|a 9367640
|a 12485721
|a 732810082
|a 1142639649
|a 1200995257
|a 1200999093
|a 1201867556
|a 1201884028
|a 1201895631
|a 1201903542
|a 1201909290
|a 1201926894
|a 1201980175
|a 1201980207
|a 1201995751
|
| 020 |
|
|
|a 0345298985
|
| 020 |
|
|
|a 9780345298980
|
| 020 |
|
|
|a 9780345348692
|
| 020 |
|
|
|a 0345348699
|
| 029 |
1 |
|
|a AU@
|b 000002108696
|
| 029 |
1 |
|
|a HEBIS
|b 110037251
|
| 029 |
1 |
|
|a NZ1
|b 3140160
|
| 035 |
|
|
|z (OCoLC)9367640
|z (OCoLC)12485721
|z (OCoLC)732810082
|z (OCoLC)1142639649
|z (OCoLC)1200995257
|z (OCoLC)1200999093
|z (OCoLC)1201867556
|z (OCoLC)1201884028
|z (OCoLC)1201895631
|z (OCoLC)1201903542
|z (OCoLC)1201909290
|z (OCoLC)1201926894
|z (OCoLC)1201980175
|z (OCoLC)1201980207
|z (OCoLC)1201995751
|
| 035 |
|
|
|a (OCoLC)7876002
|
| 040 |
|
|
|a DLC
|b eng
|c DLC
|d BAKER
|d BTCTA
|d YDXCP
|d WGTPL
|d MLN
|d WPB
|d TNF
|d WKM
|d OCLCF
|d OCLCQ
|d OVY
|d OCL
|d TPA
|d OCLCO
|d MVD
|d SFR
|d OCLCQ
|d BRL
|d MLM
|d CNO
|d OCLCO
|d QT7
|d OCLCO
|d CFI
|d OCLCO
|d CTO
|d OCLCO
|d CSB
|d OCLCO
|d IG#
|d V#L
|d OCLCL
|
| 050 |
0 |
0 |
|a PS3554.O469
|b O5 1982
|
| 082 |
0 |
0 |
|a 813/.54
|2 19
|1 https://id.oclc.org/worldcat/ddc/E3BpYCcY96rbttBDyJW94FJBKr
|
| 096 |
|
|
|a PS3554.O469
|b O5 1982
|
| 100 |
1 |
|
|a Donaldson, Stephen R.
|
| 245 |
1 |
4 |
|a The one tree /
|c Stephen R. Donaldson.
|
| 250 |
|
|
|a 1st ed.
|
| 260 |
|
|
|a New York :
|b Ballantine Books,
|c 1982.
|
| 300 |
|
|
|a 475 pages ;
|c 22 cm.
|
| 336 |
|
|
|a text
|b txt
|2 rdacontent
|
| 337 |
|
|
|a unmediated
|b n
|2 rdamedia
|
| 338 |
|
|
|a volume
|b nc
|2 rdacarrier
|
| 490 |
1 |
|
|a The Second chronicles of Thomas Covenant ;
|v bk. 2
|
| 500 |
|
|
|a "A Del Rey book."
|
| 500 |
|
|
|a The Cushing Library/Science Fiction copy [A1485353872D] is signed by author Stephen R. Donaldson, inscribed to Vic Horadam.
|
| 520 |
0 |
|
|a Thomas Covenant and Dr. Linden Avery search for the One Tree from which Covenant must fashion a new Staff of Life, an essential tool in his battle with Lord Foul.
|
| 541 |
0 |
|
|a The Cushing Library/Science Fiction copy [A1485353872D] was donated by Vic Horadam.
|
| 650 |
|
0 |
|a Covenant, Thomas (Fictitious character)
|v Fiction.
|
| 650 |
|
1 |
|a Fantasy
|v Fiction.
|
| 650 |
|
7 |
|a Covenant, Thomas (Fictitious character)
|2 fast
|
| 655 |
|
0 |
|a Fantasy fiction.
|
| 655 |
|
4 |
|a Fantasy fiction.
|
| 655 |
|
4 |
|a Science fiction.
|
| 655 |
|
7 |
|a Fantasy fiction
|2 fast
|
| 655 |
|
7 |
|a Fiction
|2 fast
|
| 655 |
|
7 |
|a Fantastic fiction.
|2 gsafd
|
| 655 |
|
7 |
|a Fantasy fiction.
|2 lcgft
|
| 655 |
|
7 |
|a Fantasy fiction.
|2 lcsh
|
| 758 |
|
|
|i has work:
|a The one tree (Text)
|1 https://id.oclc.org/worldcat/entity/E39PD3qcbhRyBYWqPcQ9DCGx7w
|4 https://id.oclc.org/worldcat/ontology/hasWork
|
| 776 |
0 |
8 |
|i Online version:
|a Donaldson, Stephen R.
|t One tree.
|b 1st ed.
|d New York : Ballantine Books, 1982
|w (OCoLC)707601257
|
| 800 |
1 |
|
|a Donaldson, Stephen R.
|t Second chronicles of Thomas Covenant ;
|v bk. 2.
|
| 938 |
|
|
|a Ingram Library Services
|b INGR
|n in003462444
|
| 938 |
|
|
|a Baker & Taylor
|b BKTY
|c 14.00
|d 10.50
|i 0345298985
|n 0000595308
|s active
|
| 938 |
|
|
|a Baker and Taylor
|b BTCP
|n 81017596
|c $14.50
|
| 938 |
|
|
|a YBP Library Services
|b YANK
|n 300514
|
| 948 |
|
|
|h HELD BY TXA - 1145 OTHER HOLDINGS
|
| 994 |
|
|
|a Z0
|b TXA
|
| 999 |
f |
f |
|s a92f20ed-3db8-3169-8e12-bb0ad0371ad0
|i 1f6281f2-906a-325b-8bd2-733b068c415e
|t 0
|
| 952 |
f |
f |
|p ric
|a Texas A&M University
|b Rellis Campus
|c Joint Library Facility
|s JLF
|d Remote Storage
|t 0
|e PS3554.O469 O5 1982
|h Library of Congress classification
|i unmediated -- volume
|m A14828696092
|
| 998 |
f |
f |
|a PS3554.O469 O5 1982
|t 0
|l Remote Storage
|